000 00658nam a2200181 i 4500
001 39085
003 ES-MaACL
005 20230906155904.0
007 t|
008 030227q1888 fr ||||1| fre d
100 1 _aCalzado, Adolfo.
_933947
245 1 0 _aCongrès littéraire et artistique internationale, 1888 Venise
_b: [Conférence sur Goldoni] /
_cAdolfo Calzado.
260 _aParis :
_b[s.n.,
_c1888?] (
_fimpr. de Chaix)
300 _a22 p. ;
_c25 cm.
600 1 4 _aGoldoni, Carlo (
_d1707-1793)
_957673
711 2 _aCongrès Littéraire et Artistique International (
_d1888.
_cVenise)
_9155870
852 _aES-MaACL
_jT-518-F-5
_z.- Ded. ms. del autor
999 _c39085
_d39085